000 00948pam a2200301 i 4500
001 016172613
003 EG-ScBUE
005 20230131101607.0
008 120911t2012 enka f 001 0 eng d
020 _a9781409382928 (pbk.)
020 _a1409382923 (pbk.)
040 _aStDuBDS
_beng
_erda
_cStDuBDS
_dIeDuTC
_dUk
_dEG-ScBUE
082 0 4 _a770
_222
_bANG
100 1 _aAng, Tom,
_eauthor.
_937173
245 1 0 _aDigital photography :
_ban introduction /
_cTom Ang.
250 _aFourth edition,
_bfully updated.
264 1 _aLondon :
_bDorling Kindersley,
_c[2012]
264 4 _cc2012
300 _a224 pages :
_bcolor illustrations ;
_c21 cm
336 _2rdacontent
_atext
_btxt
337 _2rdamedia
_aunmediated
_bn
338 _2rdacarrier
_avolume
_bnc
500 _aIncludes index.
650 7 _aPhotography
_xDigital techniques.
_2BUEsh
_937027
653 _bCOMAME
_cJanuary2015
655 _vReading book
942 _2ddc
_k770 ANG
_cBB
999 _c18879
_d18851